000 00342 a2200169 4500
001 186124
020 _a85-08-03939-5
040 _cMagnum
100 _aMarques, Amadeu
240 1 0 _aA work of art
_lING
245 1 0 _aA work of art
300 _a
362 0 _a1992
440 1 _aÁtica
697 _aLITERATURA INGLESA
942 _cBK
999 _c186124
_d186124